000 00744nac a22001811u 4500
008 100530t xxu||||| |||| 00| 0 eng d
010 _a 12036448
082 _a620.1054
_bL848
100 _aLoney, Sidney Luxton. old cat
_914342
245 0 3 _aAn Elementary Treatise on the Dynamics of a Particle and of Rigid Bodies/
_cBy S. L. Loney
260 _aCambridge,
_bUniversity press, 1909
_c1909
300 _a395 p. :
_bill.;
_c23 cm.
500 _aDonations.
500 _aDonations - Dr. Mostafa Gouda.
650 0 _aDynamics. [from old catalog]
_914343
942 _cBB
_k620.1054 LON
_2ddc
999 _c2996
_d2996